[Event "DVM U16w 2021"]
[Site "Berlin GER"]
[Date "2022.04.30"]
[Round "1"]
[White "Racky, Selina"]
[Black "Fischer, Darja"]
[Result "0-1"]
[Termination "normal"]
[Board "4.1"]
[WhiteElo "1409"]
[BlackElo "1675"]
[WhiteClock "00:26:16"]
[BlackClock "00:21:38"]
[WhiteTeam "SC Borussia Lichtenberg"]
[BlackTeam "Karlsruher SF 1853"]
[PlyCount "88"]
[WhiteFideId "16239440"]
[BlackFideId "16240898"]
[EventCountry "GER"]
[EventRounds "7"]
[EventType "team-swiss"]
[EventDate "2022.04.29"]

1. e4 {[%clk 1:30:55]} c6 {[%clk 1:30:46]} 2. Nf3 {[%clk 1:31:15]} d5 {[%clk
1:31:09]} 3. exd5 {[%clk 1:31:40]} cxd5 {[%clk 1:31:35]} 4. d4 {[%clk 1:32:02]}
Nc6 {[%clk 1:31:57]} 5. h3 {[%clk 1:31:11]} Nf6 {[%clk 1:30:56]} 6. Bf4 {[%clk
1:31:13]} e6 {[%clk 1:29:46]} 7. c3 {[%clk 1:27:16]} Be7 {[%clk 1:28:33]} 8.
Nbd2 {[%clk 1:25:03]} O-O {[%clk 1:26:41]} 9. Bd3 {[%clk 1:23:01]} b6 {[%clk
1:24:35]} 10. O-O {[%clk 1:21:07]} Bb7 {[%clk 1:24:48]} 11. Ne5 {[%clk
1:03:21]} Qc8 {[%clk 1:16:24]} 12. Rc1 {[%clk 1:01:10]} Nb8 {[%clk 1:09:42]}
13. Qe2 {[%clk 0:54:11]} Ba6 {[%clk 1:05:56]} 14. Bxa6 {[%clk 0:54:35]} Nxa6
15. Ndf3 {[%clk 0:40:03]} h6 {[%clk 1:00:01]} 16. a3 {[%clk 0:39:40]} Nb8
{[%clk 0:49:55]} 17. c4 {[%clk 0:39:18]} dxc4 18. Rxc4 {[%clk 0:39:37]} Qb7
{[%clk 0:45:17]} 19. Rfc1 {[%clk 0:38:41]} Nd5 {[%clk 0:37:59]} 20. Be3 {[%clk
0:36:39]} Nd7 {[%clk 0:32:33]} 21. Qd2 {[%clk 0:30:25]} Rac8 {[%clk 0:25:14]}
22. Nxd7 {[%clk 0:24:29]} Qxd7 {[%clk 0:25:39]} 23. Ne5 {[%clk 0:23:19]} Qb7
{[%clk 0:25:47]} 24. Qc2 {[%clk 0:22:29]} Rxc4 {[%clk 0:26:02]} 25. Qxc4 {[%clk
0:22:44]} Bd6 {[%clk 0:20:55]} 26. Bd2 {[%clk 0:21:26]} Re8 {[%clk 0:18:26]}
27. Nd3 {[%clk 0:20:29]} Re7 {[%clk 0:17:37]} 28. Qc8+ {[%clk 0:14:55]} Kh7
{[%clk 0:15:28]} 29. Qxb7 {[%clk 0:14:02]} Rxb7 30. Kf1 {[%clk 0:13:09]} Kg6
{[%clk 0:11:44]} 31. Ke2 {[%clk 0:10:38]} Kf6 {[%clk 0:11:17]} 32. Kf3 {[%clk
0:10:26]} Ke7 {[%clk 0:09:43]} 33. Bf4 {[%clk 0:07:25]} Bxf4 {[%clk 0:09:11]}
34. Nxf4 {[%clk 0:07:48]} Kd6 {[%clk 0:07:58]} 35. Nxd5 {[%clk 0:07:08]} Kxd5
{[%clk 0:08:26]} 36. Ke3 {[%clk 0:07:26]} g5 {[%clk 0:06:20]} 37. Kd3 {[%clk
0:07:37]} f5 {[%clk 0:04:44]} 38. b4 {[%clk 0:05:36]} Rd7 {[%clk 0:02:59]} 39.
Rc8 {[%clk 0:05:30]} e5 {[%clk 0:03:01]} 40. dxe5 {[%clk 0:04:22]} Kxe5+ {[%clk
0:03:27]} 41. Kc3 {[%clk 0:02:02]} Rd1 {[%clk 0:25:45]} 42. Re8+ {[%clk
0:29:40]} Kf6 {[%clk 0:25:34]} 43. Re2 {[%clk 0:28:14]} b5 {[%clk 0:24:01]} 44.
g4 {[%clk 0:26:16]} Ra1 {[%clk 0:21:38]} *

[Event "DVM U16w 2021"]
[Site "Berlin GER"]
[Date "2022.04.30"]
[Round "1"]
[White "Haug, Mara"]
[Black "Berghold, Lotta"]
[Result "0-1"]
[Termination "normal"]
[Board "4.2"]
[WhiteElo "1394"]
[BlackElo "1482"]
[WhiteClock "00:31:52"]
[BlackClock "00:19:30"]
[WhiteTeam "Karlsruher SF 1853"]
[BlackTeam "SC Borussia Lichtenberg"]
[PlyCount "97"]
[WhiteFideId "16259300"]
[BlackFideId "16243463"]
[EventCountry "GER"]
[EventRounds "7"]
[EventType "team-swiss"]
[EventDate "2022.04.29"]

1. e4 b6 {[%clk 1:30:25]} 2. d4 {[%clk 1:31:16]} Bb7 {[%clk 1:26:04]} 3. Bd3
{[%clk 1:31:39]} e6 {[%clk 1:26:28]} 4. Nf3 {[%clk 1:31:58]} Nf6 {[%clk
1:26:33]} 5. Qe2 {[%clk 1:32:19]} c5 {[%clk 1:23:18]} 6. e5 {[%clk 1:26:55]}
Nd5 {[%clk 1:21:05]} 7. c4 {[%clk 1:21:53]} Nb4 {[%clk 1:07:05]} 8. Be4 {[%clk
1:20:41]} Qc7 {[%clk 0:47:44]} 9. Na3 {[%clk 1:05:08]} a6 {[%clk 0:44:00]} 10.
O-O {[%clk 1:01:34]} d5 {[%clk 0:36:04]} 11. cxd5 {[%clk 0:52:42]} Nxd5 {[%clk
0:29:51]} 12. Nc2 {[%clk 0:47:15]} Nd7 {[%clk 0:26:54]} 13. Be3 {[%clk
0:43:07]} Nxe3 {[%clk 0:26:36]} 14. Qxe3 {[%clk 0:41:09]} Rd8 {[%clk 0:24:15]}
15. Rac1 {[%clk 0:38:39]} Qb8 {[%clk 0:20:52]} 16. Rfd1 {[%clk 0:35:25]} cxd4
{[%clk 0:20:49]} 17. Ncxd4 {[%clk 0:33:52]} Bc5 {[%clk 0:20:28]} 18. a3 {[%clk
0:25:39]} Bxd4 {[%clk 0:16:20]} 19. Rxd4 {[%clk 0:23:53]} h6 {[%clk 0:11:43]}
20. Rcd1 {[%clk 0:20:12]} Qc7 {[%clk 0:10:06]} 21. Rc1 {[%clk 0:17:50]} Qb8
{[%clk 0:10:31]} 22. Rdc4 {[%clk 0:13:31]} O-O {[%clk 0:08:48]} 23. Qe2 {[%clk
0:06:10]} Bxe4 {[%clk 0:05:15]} 24. Qxe4 {[%clk 0:06:30]} Nc5 {[%clk 0:05:34]}
25. Qe2 {[%clk 0:05:45]} Nd3 {[%clk 0:04:43]} 26. Rb1 {[%clk 0:03:30]} Rd5
{[%clk 0:04:53]} 27. Re4 {[%clk 0:03:12]} Rc8 {[%clk 0:04:48]} 28. b4 {[%clk
0:02:15]} Rc3 {[%clk 0:03:56]} 29. a4 {[%clk 0:02:09]} Qc7 {[%clk 0:03:39]} 30.
h3 {[%clk 0:01:24]} Rc2 {[%clk 0:03:44]} 31. Qe3 {[%clk 0:00:53]} Nxf2 {[%clk
0:02:58]} 32. Nd4 {[%clk 0:00:53]} Nxe4 {[%clk 0:02:11]} 33. Nxc2 {[%clk
0:01:00]} Qxc2 {[%clk 0:01:56]} 34. Rc1 {[%clk 0:01:12]} Rd1+ {[%clk 0:02:14]}
35. Rxd1 {[%clk 0:01:34]} Qxd1+ {[%clk 0:02:40]} 36. Kh2 {[%clk 0:02:02]} Qd5
{[%clk 0:02:05]} 37. Qxb6 {[%clk 0:01:12]} Qxe5+ {[%clk 0:02:28]} 38. Kg1
{[%clk 0:01:27]} Qd6 {[%clk 0:01:41]} 39. Qb7 {[%clk 0:01:07]} Nf6 {[%clk
0:00:46]} 40. a5 {[%clk 0:00:53]} Nd5 {[%clk 0:00:36]} 41. Qc8+ {[%clk
0:00:53]} Kh7 {[%clk 0:28:06]} 42. Qe8 {[%clk 0:30:41]} Qe7 {[%clk 0:23:48]}
43. Qc6 {[%clk 0:29:54]} Nxb4 {[%clk 0:23:23]} 44. Qe4+ {[%clk 0:30:10]} Kg8
{[%clk 0:22:58]} 45. Qa8+ {[%clk 0:30:23]} Qf8 {[%clk 0:23:20]} 46. Qe4 {[%clk
0:30:45]} Qc5+ {[%clk 0:22:40]} 47. Kh1 {[%clk 0:31:09]} Qxa5 {[%clk 0:19:07]}
48. Qa8+ {[%clk 0:31:29]} Kh7 {[%clk 0:19:30]} 49. Qe4+ {[%clk 0:31:52]} *

[Event "DVM U16w 2021"]
[Site "Berlin GER"]
[Date "2022.04.30"]
[Round "1"]
[White "Hafermann, Lara"]
[Black "Kuran, Olivia"]
[Result "1-0"]
[Termination "normal"]
[Board "4.3"]
[WhiteElo "1384"]
[BlackElo "1080"]
[WhiteClock "01:04:59"]
[BlackClock "00:02:09"]
[WhiteTeam "SC Borussia Lichtenberg"]
[BlackTeam "Karlsruher SF 1853"]
[PlyCount "83"]
[WhiteFideId "16298306"]
[BlackFideId "16279670"]
[EventCountry "GER"]
[EventRounds "7"]
[EventType "team-swiss"]
[EventDate "2022.04.29"]

1. d4 {[%clk 1:30:57]} d5 {[%clk 1:30:25]} 2. Nf3 {[%clk 1:31:20]} Nc6 {[%clk
1:29:07]} 3. e3 {[%clk 1:31:33]} Bf5 {[%clk 1:27:29]} 4. Bd3 {[%clk 1:30:56]}
Bxd3 {[%clk 1:22:42]} 5. Qxd3 {[%clk 1:31:14]} e6 {[%clk 1:20:11]} 6. O-O
{[%clk 1:31:30]} Bd6 {[%clk 1:18:04]} 7. Nbd2 {[%clk 1:28:28]} e5 {[%clk
1:11:54]} 8. dxe5 {[%clk 1:27:18]} Bxe5 {[%clk 1:11:04]} 9. Nxe5 {[%clk
1:27:38]} Nxe5 {[%clk 1:11:23]} 10. Qb5+ {[%clk 1:27:32]} c6 {[%clk 1:06:41]}
11. Qxb7 {[%clk 1:27:22]} Ne7 {[%clk 1:02:00]} 12. Qa6 {[%clk 1:22:57]} O-O
{[%clk 0:59:15]} 13. b3 {[%clk 1:22:39]} Qc8 {[%clk 0:52:55]} 14. Qe2 {[%clk
1:21:53]} Qg4 {[%clk 0:48:36]} 15. f3 {[%clk 1:20:56]} Qg6 {[%clk 0:46:20]} 16.
Bb2 {[%clk 1:20:49]} f6 {[%clk 0:44:47]} 17. Bxe5 {[%clk 1:20:16]} fxe5 {[%clk
0:44:30]} 18. c4 {[%clk 1:19:53]} dxc4 {[%clk 0:38:53]} 19. Nxc4 {[%clk
1:19:52]} e4 {[%clk 0:37:29]} 20. f4 {[%clk 1:18:20]} Nd5 {[%clk 0:34:56]} 21.
Ne5 {[%clk 1:17:54]} Qe8 {[%clk 0:30:29]} 22. Qc4 {[%clk 1:17:40]} Kh8 {[%clk
0:28:21]} 23. Qxe4 {[%clk 1:16:57]} Ne7 {[%clk 0:25:55]} 24. Rfc1 {[%clk
1:15:49]} Rc8 {[%clk 0:24:04]} 25. Rc2 {[%clk 1:11:29]} Rf6 {[%clk 0:21:38]}
26. Rac1 {[%clk 1:09:58]} Rd6 {[%clk 0:19:19]} 27. Qc4 {[%clk 1:07:06]} Rf6
{[%clk 0:16:03]} 28. g4 {[%clk 1:05:09]} h6 {[%clk 0:14:13]} 29. h4 {[%clk
1:04:42]} Kh7 {[%clk 0:11:50]} 30. g5 {[%clk 1:03:52]} hxg5 {[%clk 0:11:01]}
31. hxg5 {[%clk 1:04:06]} Rd6 {[%clk 0:09:29]} 32. Rh2+ {[%clk 1:04:21]} Rh6
{[%clk 0:08:53]} 33. gxh6 {[%clk 1:04:36]} gxh6 {[%clk 0:07:56]} 34. Qf7+
{[%clk 1:04:55]} Qxf7 {[%clk 0:07:24]} 35. Nxf7 {[%clk 1:05:14]} Rg8+ {[%clk
0:06:17]} 36. Rg2 {[%clk 1:04:58]} Rf8 {[%clk 0:05:42]} 37. Ne5 {[%clk
1:04:55]} Nd5 {[%clk 0:04:39]} 38. Rxc6 {[%clk 1:04:49]} Nxe3 {[%clk 0:03:30]}
39. Rc7+ {[%clk 1:04:26]} Kh8 {[%clk 0:02:57]} 40. Ng6+ {[%clk 1:04:44]} Kg8
{[%clk 0:01:55]} 41. Nxf8+ {[%clk 1:04:53]} Kxf8 {[%clk 0:02:09]} 42. Rd2
{[%clk 1:04:59]} 1-0

[Event "DVM U16w 2021"]
[Site "Berlin GER"]
[Date "2022.04.30"]
[Round "1"]
[White "Gietzelt, Magdalena"]
[Black "Dominick, Johanna"]
[Result "1-0"]
[Termination "normal"]
[Board "4.4"]
[WhiteElo "1014"]
[BlackElo "1043"]
[WhiteClock "00:26:23"]
[BlackClock "01:20:29"]
[WhiteTeam "Karlsruher SF 1853"]
[BlackTeam "SC Borussia Lichtenberg"]
[PlyCount "89"]
[WhiteFideId "16298403"]
[BlackFideId "16296532"]
[EventCountry "GER"]
[EventRounds "7"]
[EventType "team-swiss"]
[EventDate "2022.04.29"]

1. e4 {[%clk 1:30:59]} d6 {[%clk 1:30:53]} 2. Nf3 {[%clk 1:30:04]} Nf6 {[%clk
1:31:10]} 3. Nc3 {[%clk 1:29:50]} g6 {[%clk 1:31:29]} 4. d4 {[%clk 1:29:14]}
Bg7 {[%clk 1:30:52]} 5. Be3 {[%clk 1:27:51]} O-O {[%clk 1:30:52]} 6. Qd2 {[%clk
1:27:55]} a6 {[%clk 1:30:51]} 7. O-O-O {[%clk 1:27:53]} b5 {[%clk 1:30:40]} 8.
Bd3 {[%clk 1:19:33]} b4 {[%clk 1:30:04]} 9. Nd5 {[%clk 1:16:43]} Nxd5 {[%clk
1:30:26]} 10. exd5 {[%clk 1:17:05]} a5 {[%clk 1:30:49]} 11. Bh6 {[%clk
1:15:40]} Qd7 {[%clk 1:29:51]} 12. b3 {[%clk 0:53:12]} Qg4 {[%clk 1:28:32]} 13.
Rhg1 {[%clk 0:49:29]} Qh5 {[%clk 1:28:15]} 14. Bxg7 {[%clk 0:49:33]} Kxg7
{[%clk 1:28:36]} 15. Bc4 {[%clk 0:48:42]} Ba6 {[%clk 1:28:02]} 16. g4 {[%clk
0:47:05]} Qh6 {[%clk 1:26:45]} 17. g5 {[%clk 0:44:32]} Qh5 {[%clk 1:26:10]} 18.
Be2 {[%clk 0:44:09]} Bxe2 {[%clk 1:26:25]} 19. Qxe2 {[%clk 0:44:23]} Qh3 {[%clk
1:26:11]} 20. Rd3 {[%clk 0:43:38]} Qd7 {[%clk 1:26:15]} 21. Re3 {[%clk
0:43:50]} Re8 {[%clk 1:25:59]} 22. h4 {[%clk 0:42:42]} e6 {[%clk 1:24:01]} 23.
dxe6 {[%clk 0:41:13]} Rxe6 {[%clk 1:24:05]} 24. d5 {[%clk 0:41:02]} Rxe3 {[%clk
1:24:07]} 25. Qxe3 {[%clk 0:41:21]} a4 {[%clk 1:24:16]} 26. Qd4+ {[%clk
0:41:23]} Kg8 {[%clk 1:24:01]} 27. Qxb4 {[%clk 0:41:32]} axb3 {[%clk 1:24:00]}
28. Qxb3 {[%clk 0:41:29]} Qf5 {[%clk 1:24:08]} 29. Re1 {[%clk 0:41:43]} Na6
{[%clk 1:23:14]} 30. Qc3 {[%clk 0:41:59]} Qxd5 {[%clk 1:23:07]} 31. a3 {[%clk
0:38:31]} Qf5 {[%clk 1:22:00]} 32. Qd4 {[%clk 0:36:49]} Qxf3 {[%clk 1:21:54]}
33. Qa4 {[%clk 0:34:09]} c6 {[%clk 1:20:57]} 34. Qc4 {[%clk 0:30:26]} Qxa3+
{[%clk 1:20:48]} 35. Kd2 {[%clk 0:29:52]} d5 {[%clk 1:20:32]} 36. Qxc6 {[%clk
0:30:01]} Qa5+ {[%clk 1:20:47]} 37. c3 {[%clk 0:29:45]} Qa2+ {[%clk 1:20:05]}
38. Ke3 {[%clk 0:29:48]} Qc4 {[%clk 1:20:05]} 39. Qxa8+ {[%clk 0:29:17]} Kg7
{[%clk 1:20:25]} 40. Qd8 {[%clk 0:28:01]} Qxc3+ {[%clk 1:20:36]} 41. Ke2 {[%clk
0:28:02]} Qc4+ {[%clk 1:20:23]} 42. Kf3 {[%clk 0:25:51]} Qc3+ {[%clk 1:20:46]}
43. Re3 {[%clk 0:26:03]} Qd2 {[%clk 1:20:13]} 44. Qf6+ {[%clk 0:26:23]} Kf8
{[%clk 1:20:29]} 45. Qh8# 1-0

[Event "DVM U16w 2021"]
[Site "Berlin GER"]
[Date "2022.04.30"]
[Round "1"]
[White "Jacobasch, Ronja"]
[Black "Lensing, Sienna"]
[Result "1/2-1/2"]
[Termination "normal"]
[Board "5.1"]
[WhiteElo "1441"]
[BlackElo "1374"]
[WhiteClock "00:23:19"]
[BlackClock "00:30:47"]
[WhiteTeam "Schachgemeinschaft Leipzig"]
[BlackTeam "Schachgemeinschaft Turm Raesfeld/Erle"]
[PlyCount "91"]
[WhiteFideId "34604340"]
[BlackFideId "16298381"]
[EventCountry "GER"]
[EventRounds "7"]
[EventType "team-swiss"]
[EventDate "2022.04.29"]

1. Nf3 {[%clk 1:30:58]} d5 {[%clk 1:30:50]} 2. g3 {[%clk 1:31:22]} Bg4 {[%clk
1:31:13]} 3. Bg2 {[%clk 1:31:33]} Nc6 {[%clk 1:31:31]} 4. O-O {[%clk 1:30:37]}
e5 {[%clk 1:29:13]} 5. d3 {[%clk 1:28:48]} Qd7 {[%clk 1:25:46]} 6. c3 {[%clk
1:25:10]} h5 {[%clk 1:23:25]} 7. b4 {[%clk 1:22:50]} f6 {[%clk 1:22:29]} 8. e4
{[%clk 1:11:59]} d4 {[%clk 1:11:22]} 9. b5 {[%clk 1:10:20]} Na5 {[%clk
1:05:20]} 10. c4 {[%clk 1:08:23]} g5 {[%clk 1:04:58]} 11. Qd2 {[%clk 1:00:51]}
b6 {[%clk 1:03:46]} 12. Ba3 {[%clk 0:56:34]} h4 {[%clk 0:57:57]} 13. Bxf8
{[%clk 0:54:24]} hxg3 {[%clk 0:56:44]} 14. fxg3 {[%clk 0:51:00]} Bxf3 {[%clk
0:44:28]} 15. Rxf3 {[%clk 0:46:14]} Kxf8 {[%clk 0:42:56]} 16. Qxg5 {[%clk
0:44:55]} Qe7 {[%clk 0:41:19]} 17. Qc1 {[%clk 0:42:09]} Ke8 {[%clk 0:39:09]}
18. Nd2 {[%clk 0:40:33]} Kd7 {[%clk 0:28:09]} 19. Nb3 {[%clk 0:37:05]} Nb7
{[%clk 0:27:31]} 20. a4 {[%clk 0:35:49]} Nh6 {[%clk 0:24:21]} 21. Qa3 {[%clk
0:29:26]} Qxa3 {[%clk 0:18:42]} 22. Rxa3 {[%clk 0:29:54]} Raf8 {[%clk 0:18:01]}
23. Bh3+ {[%clk 0:29:38]} Kd8 {[%clk 0:16:15]} 24. a5 {[%clk 0:28:06]} Nf7
{[%clk 0:14:45]} 25. Bf5 {[%clk 0:26:42]} Nfd6 {[%clk 0:14:50]} 26. axb6 {[%clk
0:25:46]} axb6 {[%clk 0:14:03]} 27. Be6 {[%clk 0:24:28]} Ke7 {[%clk 0:13:41]}
28. Bd5 {[%clk 0:22:12]} Rh3 {[%clk 0:12:16]} 29. Ra7 {[%clk 0:20:57]} Rb8
{[%clk 0:11:23]} 30. Rf2 {[%clk 0:18:53]} Rh6 {[%clk 0:10:32]} 31. Rfa2 {[%clk
0:18:11]} Rhh8 {[%clk 0:08:29]} 32. Bxb7 {[%clk 0:15:03]} Nxb7 {[%clk 0:08:19]}
33. Kg2 {[%clk 0:11:59]} Kd7 {[%clk 0:07:39]} 34. Rf2 {[%clk 0:10:34]} Rh6
{[%clk 0:07:41]} 35. h4 {[%clk 0:10:02]} Nd6 {[%clk 0:07:23]} 36. Ra1 {[%clk
0:09:39]} Rg8 {[%clk 0:07:30]} 37. Raf1 {[%clk 0:08:56]} Ne8 {[%clk 0:07:32]}
38. Kh3 {[%clk 0:08:07]} Rhg6 {[%clk 0:07:12]} 39. Rg1 {[%clk 0:07:14]} Kd6
{[%clk 0:06:27]} 40. Na1 {[%clk 0:06:17]} Ng7 {[%clk 0:05:10]} 41. Nc2 {[%clk
0:05:22]} Nh5 {[%clk 0:05:06]} 42. Rfg2 {[%clk 0:05:15]} Kc5 {[%clk 0:03:55]}
43. Kh2 {[%clk 0:02:04]} Rg4 {[%clk 0:02:59]} 44. Kh3 {[%clk 0:01:36]} R4g6
{[%clk 0:03:06]} 45. Na3 {[%clk 0:23:19]} Kb4 {[%clk 0:30:47]} 46. Nb1 1/2-1/2

[Event "DVM U16w 2021"]
[Site "Berlin GER"]
[Date "2022.04.30"]
[Round "1"]
[White "Bone, Franziska"]
[Black "Halas, Neele Zoe"]
[Result "1-0"]
[Termination "normal"]
[Board "5.2"]
[WhiteElo "1175"]
[BlackElo "1422"]
[WhiteClock "00:58:18"]
[BlackClock "00:55:31"]
[WhiteTeam "Schachgemeinschaft Turm Raesfeld/Erle"]
[BlackTeam "Schachgemeinschaft Leipzig"]
[PlyCount "41"]
[WhiteFideId "16261488"]
[BlackFideId "16287282"]
[EventCountry "GER"]
[EventRounds "7"]
[EventType "team-swiss"]
[EventDate "2022.04.29"]

1. e4 {[%clk 1:30:56]} e5 {[%clk 1:30:50]} 2. Nf3 {[%clk 1:31:13]} Nc6 {[%clk
1:31:14]} 3. Bc4 {[%clk 1:31:22]} Bc5 {[%clk 1:31:37]} 4. c3 {[%clk 1:31:32]}
Nf6 {[%clk 1:31:53]} 5. d4 {[%clk 1:31:20]} exd4 {[%clk 1:32:10]} 6. cxd4
{[%clk 1:31:23]} Bb4+ {[%clk 1:32:33]} 7. Nc3 {[%clk 1:31:20]} Nxe4 {[%clk
1:30:23]} 8. O-O {[%clk 1:30:27]} Nxc3 {[%clk 1:23:53]} 9. bxc3 {[%clk
1:30:19]} Bd6 {[%clk 1:07:45]} 10. Ng5 {[%clk 1:16:39]} O-O {[%clk 1:07:04]}
11. Qh5 {[%clk 1:11:27]} h6 {[%clk 1:05:15]} 12. Nxf7 {[%clk 1:09:32]} Rxf7
{[%clk 1:04:54]} 13. Qxf7+ {[%clk 1:09:33]} Kh8 {[%clk 1:05:14]} 14. Bd3 {[%clk
1:05:09]} b6 {[%clk 1:01:17]} 15. Bxh6 {[%clk 1:03:10]} Qf8 {[%clk 0:59:54]}
16. Qg6 {[%clk 1:01:01]} Qg8 {[%clk 0:59:53]} 17. Qh5 {[%clk 1:00:18]} Qf8
{[%clk 0:54:27]} 18. Bg5+ {[%clk 0:58:17]} Kg8 {[%clk 0:54:43]} 19. Bh7+ {[%clk
0:57:35]} Kh8 {[%clk 0:55:06]} 20. Bg6+ {[%clk 0:57:57]} Kg8 {[%clk 0:55:31]}
21. Qh7# {[%clk 0:58:18]} 1-0

[Event "DVM U16w 2021"]
[Site "Berlin GER"]
[Date "2022.04.30"]
[Round "1"]
[White "Amelang, Jamie Alice"]
[Black "Clauß, Annika"]
[Result "0-1"]
[Termination "normal"]
[Board "5.3"]
[WhiteElo "1080"]
[BlackElo "1506"]
[WhiteClock "01:09:28"]
[BlackClock "00:23:29"]
[WhiteTeam "Schachgemeinschaft Leipzig"]
[BlackTeam "Schachgemeinschaft Turm Raesfeld/Erle"]
[PlyCount "68"]
[WhiteFideId "34605754"]
[BlackFideId "16261380"]
[EventCountry "GER"]
[EventRounds "7"]
[EventType "team-swiss"]
[EventDate "2022.04.29"]

1. e4 {[%clk 1:30:59]} d5 {[%clk 1:30:43]} 2. exd5 {[%clk 1:31:22]} Nf6 {[%clk
1:31:05]} 3. Nc3 {[%clk 1:31:43]} Nxd5 {[%clk 1:31:04]} 4. Nf3 {[%clk 1:32:04]}
Bg4 {[%clk 1:27:09]} 5. Bc4 {[%clk 1:25:01]} Nxc3 {[%clk 1:16:56]} 6. bxc3
{[%clk 1:22:01]} e6 {[%clk 1:15:22]} 7. d4 {[%clk 1:22:01]} Nd7 {[%clk
1:12:21]} 8. O-O {[%clk 1:21:10]} Nb6 {[%clk 1:10:09]} 9. Bd3 {[%clk 1:17:21]}
Be7 {[%clk 1:06:00]} 10. Bf4 {[%clk 1:16:39]} O-O {[%clk 1:04:37]} 11. Qe2
{[%clk 1:16:28]} Bd6 {[%clk 0:57:00]} 12. Qe4 {[%clk 1:14:56]} Bf5 {[%clk
0:54:21]} 13. Qe3 {[%clk 1:13:36]} Nd5 {[%clk 0:52:52]} 14. Qe2 {[%clk
1:11:52]} Nxf4 {[%clk 0:51:03]} 15. Qd2 {[%clk 1:10:47]} Nxd3 {[%clk 0:50:27]}
16. cxd3 {[%clk 1:11:09]} c6 {[%clk 0:47:17]} 17. h3 {[%clk 1:10:58]} h6 {[%clk
0:45:53]} 18. Rab1 {[%clk 1:10:42]} Qc7 {[%clk 0:45:10]} 19. Rfe1 {[%clk
1:10:43]} b6 {[%clk 0:42:27]} 20. c4 {[%clk 1:10:49]} c5 {[%clk 0:41:22]} 21.
dxc5 {[%clk 1:10:21]} Bxc5 {[%clk 0:40:32]} 22. Rf1 {[%clk 1:09:45]} Rad8
{[%clk 0:39:03]} 23. Qe2 {[%clk 1:09:49]} Bxd3 {[%clk 0:37:51]} 24. Qe1 {[%clk
1:10:04]} Bxb1 {[%clk 0:35:45]} 25. Qxb1 {[%clk 1:10:27]} Rd7 {[%clk 0:34:09]}
26. a4 {[%clk 1:07:44]} Rfd8 {[%clk 0:30:39]} 27. g3 {[%clk 1:07:58]} Bxf2+
{[%clk 0:26:05]} 28. Rxf2 {[%clk 1:08:12]} Rd1+ {[%clk 0:26:20]} 29. Qxd1
{[%clk 1:08:14]} Rxd1+ {[%clk 0:26:42]} 30. Kg2 {[%clk 1:08:37]} Qxc4 {[%clk
0:26:00]} 31. a5 {[%clk 1:08:54]} bxa5 {[%clk 0:26:11]} 32. Kh2 {[%clk
1:09:13]} Rf1 {[%clk 0:25:59]} 33. Rg2 {[%clk 1:09:31]} Rxf3 {[%clk 0:26:16]}
34. h4 {[%clk 1:09:28]} a4 {[%clk 0:23:29]} 0-1

[Event "DVM U16w 2021"]
[Site "Berlin GER"]
[Date "2022.04.30"]
[Round "1"]
[White "Bone, Annalena"]
[Black "Bacakova, Klara"]
[Result "1-0"]
[Termination "normal"]
[Board "5.4"]
[WhiteElo "1274"]
[BlackElo "1128"]
[WhiteClock "01:07:28"]
[BlackClock "00:55:15"]
[WhiteTeam "Schachgemeinschaft Turm Raesfeld/Erle"]
[BlackTeam "Schachgemeinschaft Leipzig"]
[PlyCount "47"]
[WhiteFideId "16284453"]
[BlackFideId "34605762"]
[EventCountry "GER"]
[EventRounds "7"]
[EventType "team-swiss"]
[EventDate "2022.04.29"]

1. e4 {[%clk 1:30:55]} c5 {[%clk 1:30:48]} 2. d4 {[%clk 1:30:56]} cxd4 {[%clk
1:30:57]} 3. c3 {[%clk 1:31:12]} dxc3 {[%clk 1:31:12]} 4. Nxc3 {[%clk 1:31:34]}
e6 {[%clk 1:30:53]} 5. Nf3 {[%clk 1:31:37]} a6 {[%clk 1:30:36]} 6. Bd3 {[%clk
1:31:00]} Nc6 {[%clk 1:30:22]} 7. Bf4 {[%clk 1:30:16]} d6 {[%clk 1:28:51]} 8.
e5 {[%clk 1:28:26]} dxe5 {[%clk 1:27:46]} 9. Nxe5 {[%clk 1:26:50]} Nxe5 {[%clk
1:24:50]} 10. Bxe5 {[%clk 1:27:04]} Nf6 {[%clk 1:23:40]} 11. O-O {[%clk
1:26:41]} Be7 {[%clk 1:23:24]} 12. Qf3 {[%clk 1:24:27]} O-O {[%clk 1:19:10]}
13. Rad1 {[%clk 1:21:47]} Qa5 {[%clk 1:18:30]} 14. Qg3 {[%clk 1:20:29]} b5
{[%clk 1:06:07]} 15. Ne4 {[%clk 1:19:47]} Nh5 {[%clk 1:03:30]} 16. Qf3 {[%clk
1:17:13]} g6 {[%clk 1:02:11]} 17. g4 {[%clk 1:16:54]} Ng7 {[%clk 1:02:00]} 18.
Nf6+ {[%clk 1:15:38]} Kh8 {[%clk 1:00:32]} 19. Nxh7 {[%clk 1:07:56]} Kxh7
{[%clk 0:56:05]} 20. Qh3+ {[%clk 1:07:46]} Kg8 {[%clk 0:55:44]} 21. Qh6 {[%clk
1:07:20]} f6 {[%clk 0:55:17]} 22. Bxg6 {[%clk 1:07:10]} Rd8 {[%clk 0:55:12]}
23. Qh7+ {[%clk 1:07:12]} Kf8 {[%clk 0:55:15]} 24. Qh8# {[%clk 1:07:28]} 1-0